MARC details
| 000 -CABECERA |
| campo de control de longitud fija |
03078cam a22004697a 4500 |
| 003 - IDENTIFICADOR DEL NÚMERO DE CONTROL |
| campo de control |
CHAP |
| 005 - FECHA Y HORA DE LA ÚLTIMA TRANSACCIÓN |
| campo de control |
20251119141025.0 |
| 008 - DATOS DE LONGITUD FIJA--INFORMACIÓN GENERAL |
| campo de control de longitud fija |
050818d2005 mx a r 00110 spa d |
| 010 ## - NÚMERO DE CONTROL DE LA BIBLIOTECA DEL CONGRESO |
| Número de control de LC |
90704 |
| 011 ## - ENLACE DEL NUMERO DE CONTROL DE LA BIBLIOTECA DEL CONGRESO [OBSOLETO] |
| Número de control de LC |
91676 |
| 035 ## - NÚMERO DE CONTROL DEL SISTEMA |
| Número de control de sistema |
102237 |
| 040 ## - FUENTE DE LA CATALOGACIÓN |
| Centro/agencia transcriptor |
CHAP |
| 090 ## - LOCALMENTE ASIGNADO TIPO-LC NÚMERO DE CLASIFICACIÓN (OCLC); NÚMERO DE CLASIFICACIÓN LOCAL (RLIN) |
| Número de clasificación (OCLC) (R) ; Numero de clasificación, CALL (RLIN) (NR) |
Tesis |
| 100 00 - ENTRADA PRINCIPAL--NOMBRE DE PERSONA |
| Nombre de persona |
Ocampo Beltrán, José Javier. |
| 245 10 - MENCIÓN DE TÍTULO |
| Título |
EUREPGAP, certificación de inocuidad alimentaria en frutas y hortalizas de exportación al mercado europeo/ |
| Mención de responsabilidad, etc. |
por José Javier Ocampo Beltrán; María Alejandra Hinojosa Rodríguez. |
| 264 #1 - PRODUCCIÓN, PUBLICACIÓN, DISTRIBUCIÓN, FABRICACIÓN Y COPYRIGHT |
| Producción, publicación, distribución, fabricación y copyright |
Chapingo, Méx. : |
| Nombre del de productor, editor, distribuidor, fabricante |
El autor, |
| Fecha de producción, publicación, distribución, fabricación o copyright |
2005. |
| 300 ## - DESCRIPCIÓN FÍSICA |
| Extensión |
115 h. : |
| Otras características físicas |
ilus. ; anexos |
| 502 ## - NOTA DE TESIS |
| Tipo de título |
Licenciado en Comercio Internacional de Productos Agropecuarios. |
| Nombre de la institución que otorga el título |
División de Ciencias Económico Administrativas, |
| Año de obtención del título |
2005. |
| 520 ## - SUMARIO, ETC. |
| Sumario, etc. |
Durante los últimos años la preocupación por la inocuidad alimentaria y los alarmantes efectos de la falta de esta sobre la salud humana, animal y vegetal, se ha incrementado hasta tomar un carácter global. Los países desarrollados son los primeros en impulsar la aplicación de esquemas de producción orientados a la inocuidad alimentaria entre los que se encuentra el esquema EUREPGAP. EUREPGAP, presidida por la organización de supermercados europeos, es un sistema enfocado a la obtención de productos inocuos a través de las Buenas Prácticas Agrícolas, adicionalmente contempla la protección al medio ambiente y la seguridad y bienestar ocupacional. El sistema cuenta con esquemas de producción para flores, cámicos, acuacultura, café verde y frutas y hortalizas respectivamente, enfocándose la investigación en este último por ser, dentro del sector agropecuario, el más importante para los exportadores mexicanos al mercado europeo. La adopción del esquema de certificación EUREPGAP no solo conlleva la generación de productos inocuos, también implica un incremento en las ganancias de la empresa a través de la diferenciación del producto, del posicionamiento en mercados internacionales y de un incremento en la confianza de los consumidores hacia la empresa certificada y hacia sus productos. |
| 650 14 - PUNTO DE ACCESO ADICIONAL DE MATERIA--TÉRMINO DE MATERIA |
| Término de materia o nombre geográfico como elemento de entrada |
Alimentos |
| Subdivisión general |
Normas de calidad. |
| 650 14 - PUNTO DE ACCESO ADICIONAL DE MATERIA--TÉRMINO DE MATERIA |
| Término de materia o nombre geográfico como elemento de entrada |
Comercio internacional. |
| 650 14 - PUNTO DE ACCESO ADICIONAL DE MATERIA--TÉRMINO DE MATERIA |
| Término de materia o nombre geográfico como elemento de entrada |
Fruta |
| Subdivisión general |
Calidad. |
| 650 14 - PUNTO DE ACCESO ADICIONAL DE MATERIA--TÉRMINO DE MATERIA |
| Término de materia o nombre geográfico como elemento de entrada |
Fruta |
| Subdivisión general |
Evaluación. |
| 650 14 - PUNTO DE ACCESO ADICIONAL DE MATERIA--TÉRMINO DE MATERIA |
| Término de materia o nombre geográfico como elemento de entrada |
Frutas y legumbres |
| Subdivisión general |
Mercadeo. |
| 650 14 - PUNTO DE ACCESO ADICIONAL DE MATERIA--TÉRMINO DE MATERIA |
| Término de materia o nombre geográfico como elemento de entrada |
Horticultura |
| Subdivisión general |
México. |
| 650 14 - PUNTO DE ACCESO ADICIONAL DE MATERIA--TÉRMINO DE MATERIA |
| Término de materia o nombre geográfico como elemento de entrada |
Inocuidad alimentaria. |
| 650 14 - PUNTO DE ACCESO ADICIONAL DE MATERIA--TÉRMINO DE MATERIA |
| Término de materia o nombre geográfico como elemento de entrada |
Legumbres |
| Subdivisión general |
Calidad. |
| 650 14 - PUNTO DE ACCESO ADICIONAL DE MATERIA--TÉRMINO DE MATERIA |
| Término de materia o nombre geográfico como elemento de entrada |
Legumbres |
| Subdivisión general |
Exportación. |
| 650 14 - PUNTO DE ACCESO ADICIONAL DE MATERIA--TÉRMINO DE MATERIA |
| Término de materia o nombre geográfico como elemento de entrada |
Legumbres |
| Subdivisión general |
Normas de calidad. |
| 700 1# - PUNTO DE ACCESO ADICIONAL--NOMBRE DE PERSONA |
| Nombre de persona |
Hinojosa Rodríguez, María Alejandra |
| Término indicativo de función/relación |
director. |
| 856 42 - LOCALIZACIÓN Y ACCESO ELECTRÓNICOS |
| Identificador Uniforme del Recurso |
<a href="http://10.13.5.2/tesis/102237.pdf">http://10.13.5.2/tesis/102237.pdf</a> |
| Texto de enlace |
DESCARGAR PDF |
| 901 ## - ELEMENTOS DE DATOS A LOCAL LDA (RLIN) |
| a |
BK |
| 942 ## - ELEMENTOS DE PUNTO DE ACCESO ADICIONAL (KOHA) |
| Tipo de ítem Koha |
Tesis |
| Fuente del sistema de clasificación o colocación |
Clasificación Universidad Autónoma Chapingo |
| 590 ## - NOTA LOCAL (RLIN) |
| Nota local |
ALEPH |
| Procedencia (VM) [OBSOLETO] |
10 |
| Condición del los carretes individuales (VM) [OBSOLETO] |
20130110 |
| 590 ## - NOTA LOCAL (RLIN) |
| Nota local |
BATCH-UPD |
| Procedencia (VM) [OBSOLETO] |
10 |
| Condición del los carretes individuales (VM) [OBSOLETO] |
20130110 |
| 590 ## - NOTA LOCAL (RLIN) |
| Nota local |
BATCH-UPD |
| Procedencia (VM) [OBSOLETO] |
10 |
| Condición del los carretes individuales (VM) [OBSOLETO] |
20130410 |
| 590 ## - NOTA LOCAL (RLIN) |
| Nota local |
BATCH-UPD |
| Procedencia (VM) [OBSOLETO] |
10 |
| Condición del los carretes individuales (VM) [OBSOLETO] |
20130914 |
| 590 ## - NOTA LOCAL (RLIN) |
| Nota local |
CONVERSION |
| Procedencia (VM) [OBSOLETO] |
10 |
| Condición del los carretes individuales (VM) [OBSOLETO] |
20130109 |
| 905 ## - ELEMENTOS DE DATOS E LOCAL, LDE (RLIN) |
| a |
Alejandra Carrasco M. |
| 949 ## - PROCESAMIENTO DE INFORMACIÓN LOCAL (OCLC) |
| a |
Tesis |
| b |
BC |
| c |
TES |
| d |
1022371 |
| e |
TS1 |
| h |
43769 |
| i |
102237 |
| s |
b |
| 949 ## - PROCESAMIENTO DE INFORMACIÓN LOCAL (OCLC) |
| a |
Tesis |
| b |
BC |
| c |
TES |
| d |
33724000977732 |
| e |
TS2 |
| f |
c.2 |
| h |
43770 |
| i |
102237 |
| s |
i |